Every F5/EF5 Tornado - Statistics

General Stats
  • This quiz has been taken 211 times
    66 since last reset
  • The average score is 47 of 60
Answer Stats
Year State(s) Deaths Answer % Correct
1999 Oklahoma 36 Bridge Creek/Moore
100%
2025 North Dakota 3 Enderlin
100%
2007 Kansas 11 Greensburg
100%
2011 Missouri 158 Joplin
100%
2013 Oklahoma 24 Moore
100%
1991 Kansas 17 Andover
93%
1966 Mississippi 57 Candlestick Park
93%
2011 Oklahoma 9 El Reno/Piedmont
93%
2011 Alabama 71 Hackleburg/Phil Campbell
93%
1997 Texas 27 Jarrell/Dead ManWalking
93%
2008 Iowa 9 Parkersburg/New Hartford
93%
2011 Mississippi 3 Philadelphia
93%
2011 Alabama/Georgia 25 Rainsville
93%
2011 Mississippi/Alabama 23 Smithville
93%
1974 Ohio 32 Xenia
93%
1957 North Dakota/Minnesota 10 Fargo
87%
1974 Alabama 28 (First)Tanner
87%
1974 Alabama 22 (Second) Tanner
87%
1953 Texas 114 Waco
87%
1964 Texas 7 Wichita Falls
87%
1977 Alabama 22 Birmingham/Tarrant
80%
1974 Indiana/Kentucky/Ohio 3 Cincinnati
80%
1956 Michigan 18 Hudsonville/Grand Rapids
80%
1970 Texas 26 Lubbock
80%
1998 Alabama 32 Oak Grove/Birmingham
80%
1966 Kansas 16 Topeka
80%
1953 Iowa 1 Anita/Adair
73%
1955 Oklahoma 20 Blackwell
73%
1964 Nebraska 4 Bradshaw
73%
1974 Indiana/Kentucky 31 Brandenburg
73%
1990 Kansas 1 Castleton/Haven/Burton/Hesston
73%
1992 Minnesota 1 Chandler/Lake Wilson
73%
1968 Iowa 13 Charles City
73%
1974 Indiana 6 Depauw/Palmyra/Martinsburg/Daisy Hill
73%
1953 Michigan 116 Flint/Beecher
73%
1953 North Dakota 2 Fort Rice
73%
1990 Kansas 1 Goessel
73%
1974 Alabama 28 Guin
73%
1971 Louisiana/Mississippi 47 Inverness
73%
1976 Iowa 0 Jordan
73%
1996 Wisconsin 0 Oakfield
73%
1990 Illinois 29 Plainfield
73%
1957 Kansas/Missouri 44 Ruskin Heights
73%
1982 Oklahoma 0 Speer/Broken Bow/Golden/Messer
73%
1976 Oklahoma 2 Spiro
73%
1957 Illinois 3 Sunfield
73%
1968 Minnesota 9 Tracy
73%
1955 Kansas 80 Udall
73%
1953 Mississippi 38 Vicksburg
73%
1998 Tennesse 0 Wayne County/Lawrence County
73%
1968 Ohio 7 Wheelersburg/Gallipolis
73%
1976 Texas 0 Brownwood
67%
1958 Wisconsin 21 Menomonie/Colfax
67%
1960 Oklahoma 5 Prague/Iron Post/Sapulpa
67%
1973 Texas 0 Valley Mills
67%
1984 Wisconsin 9 Barneveld/Black Earth
60%
1966 Iowa 6 Belmond
60%
1965 South Dakota 0 Colome
60%
1985 Ohio/Pennsylvania 18 Newton Falls/Niles/Wheatland
60%
1968 Iowa 5 Oelwein/Maynard
60%
No matching quizzes found
Score Distribution
Percent of People with Each Score
Percentile by Number Answered
Your Score History
You have not taken this quiz since the last reset